Indigenous Roots of Modern Science in colonial Bengal/ (Record no. 172514)

MARC details
000 -LEADER
fixed length control field 00584nam a22001937a 4500
005 - DATE AND TIME OF LATEST TRANSACTION
control field 20200206131642.0
010 ## - LCCN (DPL NO)
LC control number ENG-127662
020 ## - INTERNATIONAL STANDARD BOOK NUMBER
International Standard Book Number 9789381574829
Terms of availability 650.00
035 ## - SYSTEM CONTROL NUMBER
System control number EN-111194
037 ## - SOURCE OF ACQUISITION
Source of stock number/acquisition DBAD/PUB
082 ## - DEWEY DECIMAL CLASSIFICATION NUMBER
Classification number 509.5414
100 ## - MAIN ENTRY--PERSONAL NAME
Personal name Basu,Asoke
245 ## - TITLE STATEMENT
Title Indigenous Roots of Modern Science in colonial Bengal/
Remainder of title by Asoke Basu [and] Saibal Datta
260 ## - PUBLICATION, DISTRIBUTION, ETC. (IMPRINT)
Place of publication, distribution, etc kolkata
Name of publisher, distributor, etc The Asiatic Society
Date of publication, distribution, etc 2019
270 ## - ADDRESS
City kolkata
Address 1, Park Street
Postal code 700016
300 ## - PHYSICAL DESCRIPTION
Extent ix;294p.
Other physical details 23cm(hb)
500 ## - GENERAL NOTE
General note include index
942 ## - ADDED ENTRY ELEMENTS (KOHA)
Source of classification or shelving scheme Dewey Decimal Classification
Item type English Books
Classification part 509.5414
Call number suffix BAS
Holdings
Withdrawn status Lost status Not for loan Collection code Home library Current library Date acquired Source of acquisition Cost, normal purchase price Full call number Barcode Copy number Cost, replacement price Koha item type
      Non-fiction Central Library Central Library 06/02/2020 DBAD/PUB 650.00 509.5414 BAS EN-111194 1 650.00 English Books

© Delhi Public Library
Hit Counter
free hit counter